000 01344cam a22003375i 4500
999 _c28445
_d28416
001 15781147
003 EG-ScBUE
005 20200806132735.0
008 090618t20102010flua f b 001 0 eng d
020 _a9781420062564 (hardcover : alk. paper)
020 _a1420062565 (hardcover : alk. paper)
035 _a(OCoLC)ocn154683856
040 _aDLC
_beng
_erda
_cDLC
_dBTCTA
_dBAKER
_dYDXCP
_dUKM
_dC#P
_dCDX
_dDLC
_dEG-ScBUE
082 0 4 _a660.2995
_bADV
_222
245 0 0 _aAdvances in Fischer-Tropsch synthesis, catalysts, and catalysis /
_c[editors], Burtron H. Davis, Center for Applied Energy Research, Lexington, Kentucky, U.S.A., Mario L. Occelli, MLO Consulting, Atlanta, Georgia, U.S.A.
264 1 _aBoca Raton, FL :
_bCRC Press,
_c[2010]
264 4 _cc2010
300 _axx, 403 pages, [2] pages of plates :
_billustrations (some color) ;
_c24 cm.
336 _atext
_btxt
_2rdacontent
337 _aunmediated
_bn
_2rdamedia
338 _avolume
_bnc
_2rdacarrier
490 0 _aChemical industries ;
_v128
504 _aIncludes bibliographical references and index.
650 7 _aFischer-Tropsch process.
_2BUEsh
650 7 _aCatalysts.
_2BUEsh
653 _bENGCHE
_cJuly2020
655 _vReading book
_934232
700 1 _aDavis, Burtron H.,
_d1934-
_eeditor.
700 1 _aOccelli, Mario L.,
_d1942-
_eeditor.
942 _2ddc
_cBB